[Event "Titled Tue 10th Jun Early"]
[Site "chess.com INT"]
[Date "2025.06.10"]
[Round "4"]
[White "Ashraf, Artin"]
[Black "Aditya, Varun Gampa"]
[Result "1-0"]
[WhiteTitle "FM"]
[BlackTitle "FM"]
[WhiteElo "2407"]
[BlackElo "2186"]
[WhiteFideId "22514805"]
[BlackFideId "45066183"]
[EventDate "2025.06.10"]

1. d4 a6 2. a4 e6 3. e4 d5 4. exd5 exd5 5. Nf3 Nf6 6. Bd3 Bd6 7. O-O O-O 8. c3
Bg4 9. Re1 Nbd7 10. Nbd2 Re8 11. Rxe8+ Qxe8 12. Nf1 c6 13. Ng3 Ne4 14. Be3 Nxg3
15. hxg3 Bxg3 16. Bxh7+ Kh8 17. Bc2 Bd6 18. Qd3 Nf6 19. Ne5 Bh5 20. Qf5 Qe6 21.
Qg5 Re8 22. Bf4 Kg8 23. Re1 g6 24. Re3 Ne4 25. Qh4 Be7 26. Qh2 f6 27. Nd3 Qf7
28. f3 Nd2 29. g4 g5 30. Qxd2 Bg6 31. Bg3 Kg7 32. Nf2 Rh8 33. Bxg6 Kxg6 34. f4
gxf4 35. Bxf4 Qh7 36. Rh3 Qg8 37. Qd3+ Kf7 38. Rxh8 Qxh8 39. Qf5 Qh4 40. Kg2 b5
41. axb5 axb5 42. Bg3 Qh6 43. Bf4 Qh8 44. Nd3 Kf8 45. Ne5 1-0

[Event "Titled Tue 10th Jun Early"]
[Site "chess.com INT"]
[Date "2025.06.10"]
[Round "4"]
[White "Guerrero Cataldo, Juan Andres"]
[Black "Pavlov, Nikolay"]
[Result "0-1"]
[WhiteTitle "CM"]
[BlackTitle "FM"]
[WhiteElo "2082"]
[BlackElo "2316"]
[WhiteFideId "3421260"]
[BlackFideId "24141470"]
[EventDate "2025.06.10"]

1. Nf3 Nf6 2. d4 b6 3. Bf4 Bb7 4. e3 Nh5 5. Bg5 h6 6. Bh4 g5 7. Bg3 d6 8. a4 a6
9. Bc4 Nxg3 10. hxg3 Bg7 11. c3 Nd7 12. Nbd2 e6 13. Bd3 Qe7 14. Be4 d5 15. Bc2
c5 16. Qe2 f5 17. Rb1 O-O 18. g4 Rae8 19. gxf5 exf5 20. g3 Qd6 21. Kd1 Re7 22.
Bd3 c4 23. Bc2 b5 24. axb5 axb5 25. b3 Bc6 26. bxc4 dxc4 27. Re1 Nb6 28. g4 Nd5
29. Nxc4 bxc4 30. Qxc4 Rc7 31. Bxf5 Bd7 32. Qb3 Rxc3 33. Qa2 Bxf5 34. gxf5 Rxf5
35. Nd2 Kh8 36. e4 Rc8 37. exd5 Rxd5 38. Rb7 Rxd4 39. Ree7 Rd8 40. Re2 Qc6 41.
Rxg7 Kxg7 42. Re7+ Kh8 43. Qb2 Qf6 44. Rb7 Rxd2+ 0-1

[Event "Titled Tue 10th Jun Early"]
[Site "chess.com INT"]
[Date "2025.06.10"]
[Round "4"]
[White "Hayrapetyan, Artavazd R."]
[Black "Vachier-Lagrave, Maxime"]
[Result "1-0"]
[WhiteTitle "FM"]
[BlackTitle "GM"]
[WhiteElo "2350"]
[BlackElo "2736"]
[WhiteFideId "13304240"]
[BlackFideId "623539"]
[EventDate "2025.06.10"]

1. d4 Nf6 2. c4 g6 3. Nc3 Bg7 4. e4 d6 5. Nf3 O-O 6. Be2 e5 7. d5 a5 8. Bg5 Na6
9. Nd2 Qe8 10. a3 Bd7 11. b3 Nc5 12. O-O h6 13. Be3 Nh7 14. Qc2 f5 15. f3 f4 16.
Bf2 g5 17. b4 Na6 18. c5 h5 19. c6 bxc6 20. dxc6 Be6 21. b5 Nb8 22. Bc4 Kh8 23.
Bxe6 Qxe6 24. Nd5 Rc8 25. Qc4 g4 26. Nxf4 Qh6 27. Nd5 g3 28. hxg3 Nf6 29. Be3
Qg6 30. Ne7 Qxg3 31. Nxc8 Nxc6 32. bxc6 Rxc8 33. Qe6 Rg8 34. Qh3 Qg6 35. Qf5 Qe8
36. Rac1 Rf8 37. Qh3 a4 38. Rc4 Qa8 39. Rb1 Kg8 40. Rb7 Rf7 41. Qe6 Qa5 42. Rcb4
Bf8 43. R7b5 Qa6 44. Qc4 Kg7 45. Rb8 Qxc4 46. Nxc4 d5 47. Nxe5 Bxb4 48. Nxf7
Bxa3 49. e5 Kxf7 50. exf6 Bd6 51. Ra8 a3 52. Bc1 Bc5+ 53. Kf1 Kxf6 54. Bxa3 Bb6
55. Ke2 Ke5 56. Kd3 Kf4 57. Rg8 1-0

[Event "Titled Tue 10th Jun Early"]
[Site "chess.com INT"]
[Date "2025.06.10"]
[Round "4"]
[White "Manzone, Alessandro"]
[Black "Srihari, L R"]
[Result "1-0"]
[WhiteTitle "FM"]
[BlackTitle "IM"]
[WhiteElo "2397"]
[BlackElo "2480"]
[WhiteFideId "112488"]
[BlackFideId "46617116"]
[EventDate "2025.06.10"]

1. d4 e6 2. c4 b6 3. a3 Bb7 4. Nc3 d5 5. cxd5 exd5 6. Nf3 Nf6 7. g3 Bd6 8. Bg2
a6 9. O-O O-O 10. Ne5 Nbd7 11. Nc4 Be7 12. Ne3 c6 13. Nf5 Re8 14. Bf4 Nf8 15.
Re1 Ng6 16. Bg5 h6 17. Nxe7+ Qxe7 18. Bxf6 Qxf6 19. e4 dxe4 20. Nxe4 Qd8 21. Qb3
Bc8 22. Rac1 Be6 23. Qc2 Bd5 24. Bh3 Ra7 25. Nc3 Rae7 26. Rxe7 Rxe7 27. Nxd5
Qxd5 28. Bg2 Qxd4 29. Rd1 Qf6 30. Qxc6 Qxc6 31. Bxc6 Re2 32. b4 Ne5 33. Bd5 Kf8
34. Bb7 a5 35. Rd6 Nc4 36. Rd3 axb4 37. axb4 Rb2 38. Bc6 Ne5 39. Rd8+ Ke7 40.
Re8+ Kf6 41. b5 g5 42. Rb8 Nc4 43. Bd5 Nd6 44. Rxb6 Ke5 45. Bc6 1-0

[Event "Titled Tue 10th Jun Early"]
[Site "chess.com INT"]
[Date "2025.06.10"]
[Round "4"]
[White "Liu, Zhaoqi"]
[Black "Manvelyan, Mikayel"]
[Result "0-1"]
[WhiteTitle "IM"]
[BlackTitle "FM"]
[WhiteElo "2400"]
[BlackElo "2362"]
[WhiteFideId "8609381"]
[BlackFideId "13310143"]
[EventDate "2025.06.10"]

1. d4 d5 2. c4 e6 3. Nc3 Nf6 4. Bg5 Be7 5. cxd5 exd5 6. e3 c6 7. Bd3 Nbd7 8. Qc2
Nf8 9. Nge2 Ne6 10. Bh4 g6 11. O-O O-O 12. f3 Ne8 13. Bf2 c5 14. dxc5 Bxc5 15.
Rad1 Nf6 16. Bc4 Nc7 17. Nxd5 Ncxd5 18. Bxd5 Qb6 19. Qb3 Nxd5 20. Rxd5 Be6 21.
Qxb6 Bxb6 22. Rd2 Bxa2 23. Rd7 Rfd8 24. Rfd1 Rxd7 25. Rxd7 Rd8 26. Rxd8+ Bxd8
27. e4 a5 28. Nc3 Bc4 29. Bd4 b5 30. Kf2 Kf8 31. Ke3 Ke7 32. Bc5+ Kd7 33. Nd5
Kc6 34. Kd4 Bf1 35. Ne3 Be2 36. Bf8 Bb6+ 37. Ke5 Bxe3 38. Kf6 Bc4 39. e5 Bd4 40.
f4 Bxb2 41. g4 b4 42. f5 gxf5 43. gxf5 Kb5 44. Bd6 a4 45. Ke7 a3 46. e6 fxe6 47.
f6 a2 48. f7 a1=Q 49. f8=Q Qa7+ 50. Kd8 Qa8+ 51. Kc7 Qxf8 52. Bxf8 b3 53. Kd6
Ba3+ 0-1

[Event "Titled Tue 10th Jun Early"]
[Site "chess.com INT"]
[Date "2025.06.10"]
[Round "4"]
[White "Marynychenko, Yehor"]
[Black "Pham, Le Thao Nguyen"]
[Result "1-0"]
[WhiteTitle "CM"]
[BlackTitle "IM"]
[WhiteElo "2183"]
[BlackElo "2357"]
[WhiteFideId "34160558"]
[BlackFideId "12401226"]
[EventDate "2025.06.10"]

1. e4 c5 2. c3 d5 3. exd5 Qxd5 4. Nf3 Nf6 5. d4 e6 6. Be3 cxd4 7. cxd4 Nc6 8.
Nc3 Qd8 9. Bb5 Be7 10. O-O O-O 11. Bxc6 bxc6 12. Ne5 Bb7 13. Rc1 a5 14. Na4 Rc8
15. Nc5 Ba8 16. Qa4 Nd5 17. Bd2 Nb6 18. Qxa5 Qxd4 19. Qxb6 Qxe5 20. Be3 Rb8 21.
Qa7 Bxc5 22. Bxc5 Rfd8 23. b4 h5 24. Rfd1 Qe2 25. Re1 Qg4 26. h3 Qg6 27. Re3 Rb7
28. Qa5 Rbd7 29. Rce1 h4 30. Re4 Qf6 31. Rg4 Rd1 32. b5 Rxe1+ 33. Qxe1 cxb5 34.
Bb4 Qf5 35. Bc3 f6 36. Kh2 e5 37. Rxh4 Qe6 38. Rg4 Kf7 39. Qe3 Qf5 40. Qa7+ Qd7
41. Qe3 Bc6 42. Ba5 Ra8 43. Bb4 Ra4 44. Qc5 Rxa2 45. Qf8+ Ke6 46. Rxg7 Qd5 47.
Qc8+ Bd7 48. Qg8+ Kf5 49. Qxd5 1-0

[Event "Titled Tue 10th Jun Early"]
[Site "chess.com INT"]
[Date "2025.06.10"]
[Round "4"]
[White "Salimova, Asal"]
[Black "Parfenov, Viktor N."]
[Result "0-1"]
[WhiteTitle "WCM"]
[BlackTitle "CM"]
[WhiteElo "2063"]
[BlackElo "2193"]
[WhiteFideId "14204940"]
[BlackFideId "4165969"]
[EventDate "2025.06.10"]

1. d4 Nf6 2. c4 g6 3. g3 c6 4. Bg2 d5 5. cxd5 cxd5 6. Nc3 Bg7 7. Bg5 Nc6 8. e3
e6 9. Nge2 h6 10. Bxf6 Qxf6 11. O-O O-O 12. Rc1 Bd7 13. a3 Rac8 14. b4 b6 15.
Qb3 Rfd8 16. Nb5 Qe7 17. Nbc3 Be8 18. Rc2 Qb7 19. Rfc1 Ne7 20. Nf4 Nf5 21. Nd3
Nd6 22. Nd1 g5 23. N1b2 f6 24. h4 Bf7 25. hxg5 hxg5 26. b5 Bf8 27. a4 Kg7 28.
Nb4 Rxc2 29. Rxc2 Rc8 30. Nc6 Be8 31. Nb4 Bd7 32. N2d3 Rc4 33. Rxc4 Nxc4 34.
Qxc4 dxc4 35. Bxb7 cxd3 36. Nxd3 Bd6 37. Be4 Bc8 38. Nb2 a6 39. Nc4 Bc7 40. Bc6
Kf8 41. Kf1 Ke7 42. Ke2 a5 43. Kd3 Bd8 44. Nd2 Kd6 45. Nc4+ Kc7 46. Be8 Be7 47.
Bc6 Bb4 48. e4 f5 49. exf5 exf5 50. Ne5 f4 51. gxf4 gxf4 52. Kc4 Bf5 53. Nd3 Bd2
54. Ne5 Kd6 55. d5 Kxe5 56. Be8 Kd6 57. Bc6 Bb4 0-1

[Event "Titled Tue 10th Jun Early"]
[Site "chess.com INT"]
[Date "2025.06.10"]
[Round "4"]
[White "Gutman, Gennadi"]
[Black "Figuero Toro, Julian Francisco"]
[Result "1-0"]
[WhiteTitle "GM"]
[BlackTitle "FM"]
[WhiteElo "2445"]
[BlackElo "2182"]
[WhiteFideId "14102277"]
[BlackFideId "2210347"]
[EventDate "2025.06.10"]

1. e4 d6 2. Nf3 Nf6 3. Nc3 g6 4. h3 Bg7 5. d4 O-O 6. Be2 Nc6 7. O-O e5 8. Be3
Re8 9. dxe5 dxe5 10. Bc4 h6 11. Qd2 Qxd2 12. Nxd2 Nd4 13. Bd3 c6 14. Nb3 Nd7 15.
Rad1 a5 16. Bc4 Nxc2 17. Rd2 Nb4 18. a3 Na6 19. Nxa5 Nac5 20. Nb3 Nxb3 21. Bxb3
Bf8 22. Rfd1 Nc5 23. Ba2 Be6 24. Bxc5 Bxc5 25. Bxe6 Rxe6 26. Rd7 Bd4 27. Rxb7
Kf8 28. Ne2 c5 29. Kh1 Rf6 30. f3 Bxb2 31. Rxb2 c4 32. Rc1 Rc6 33. Rbc2 Ra4 34.
Nc3 Rxa3 35. Nd5 Ra4 36. Kg1 f5 37. Kf2 fxe4 38. fxe4 Kf7 39. Ke3 Ra3+ 40. Rc3
Ra2 41. R1c2 Ra4 42. Rf2+ Ke8 43. Rf6 Rxf6 44. Nxf6+ Kf7 45. Nd5 Ke6 46. Nb6 Rb4
47. Nxc4 Rb1 48. Rc2 Rg1 49. Kf3 Rf1+ 50. Ke2 Rg1 51. Ne3 Rb1 52. Rc6+ Kf7 53.
Kf3 Rb3 54. Kf2 Rb2+ 55. Kf1 Rb3 56. Ng4 Rb1+ 57. Kf2 Rb2+ 58. Kg1 Rb3 59. Nxe5+
Ke7 60. Nxg6+ Kd7 61. Rf6 Rb1+ 62. Kh2 Re1 63. e5 Ke8 64. e6 h5 65. Rf8# 1-0

[Event "Titled Tue 10th Jun Early"]
[Site "chess.com INT"]
[Date "2025.06.10"]
[Round "4"]
[White "Adewumi, Tanitoluwa"]
[Black "Pajcin, Lav"]
[Result "1-0"]
[WhiteTitle "FM"]
[BlackTitle "FM"]
[WhiteElo "2362"]
[BlackElo "2281"]
[WhiteFideId "30966396"]
[BlackFideId "966746"]
[EventDate "2025.06.10"]

1. Nf3 d5 2. b3 Bg4 3. Bb2 e6 4. e3 Nf6 5. Be2 Be7 6. O-O O-O 7. d4 a5 8. a3 a4
9. b4 Ne4 10. c4 Nd7 11. h3 Bh5 12. Nc3 Nxc3 13. Bxc3 Nf6 14. Nd2 Bxe2 15. Qxe2
dxc4 16. Nxc4 Ne4 17. Bb2 Qd5 18. Rac1 c6 19. Nb6 Qf5 20. Nxa8 Rxa8 21. Rfd1 Bd6
22. f3 Ng3 23. Qf2 Qg5 24. Rc5 Qg6 25. e4 f5 26. exf5 Nxf5 27. Rcc1 Bf4 28. Rc3
Rd8 29. Rcd3 Qg5 30. b5 Be3 31. Rxe3 Qxe3 32. bxc6 bxc6 33. g4 Qxf2+ 34. Kxf2
Nd6 35. Rc1 Rb8 36. Rc2 Kf7 37. Kg3 Ke7 38. Bc1 Kd7 39. Bf4 Rb3 40. Ra2 Nb5 41.
Bc1 Rc3 42. Bb2 Rc2 43. Kf4 Nc3 44. Bxc3 Rxa2 45. Bb4 Rb2 46. Bf8 Rb3 47. h4 Ke8
48. Bc5 Kf7 49. h5 h6 50. Ke4 Rb1 51. Kf4 Re1 52. Bb4 Re2 53. Bc5 Re1 54. Bb4
e5+ 55. dxe5 Ke6 56. Bxe1 c5 57. Ke4 c4 58. f4 1-0

[Event "Titled Tue 10th Jun Early"]
[Site "chess.com INT"]
[Date "2025.06.10"]
[Round "4"]
[White "Jimenez Fernandez, Rebeca"]
[Black "Nouali, Mohamed"]
[Result "1-0"]
[WhiteTitle "WFM"]
[BlackTitle "FM"]
[WhiteElo "2154"]
[BlackElo "2160"]
[WhiteFideId "32070934"]
[BlackFideId "5502462"]
[EventDate "2025.06.10"]

1. d4 Nf6 2. Nf3 g6 3. c4 Bg7 4. Nc3 O-O 5. e4 d6 6. Be2 c5 7. d5 a6 8. h3 e5 9.
Be3 Nh5 10. Qd2 Nf4 11. Bxf4 exf4 12. Qxf4 b5 13. cxb5 axb5 14. Nxb5 Bxb2 15.
Rb1 Rxa2 16. Bc4 Qa5+ 17. Qd2 Qxd2+ 18. Nxd2 Ra1 19. Rxa1 Bxa1 20. Nxd6 Ba6 21.
O-O Be5 22. Bxa6 Bxd6 23. Bb5 Be5 24. Nc4 Bd4 25. Rb1 Rd8 26. Kf1 Nd7 27. Bxd7
Rxd7 28. Ke2 f5 29. f3 fxe4 30. fxe4 Rf7 31. Rf1 Ra7 32. Kd3 Ra2 33. d6 Ra8 34.
e5 Kg7 35. Ke4 Re8 36. Kd5 h5 37. e6 Bf6 38. d7 Ra8 39. Nd6 c4 40. Nc8 c3 41.
Rxf6 c2 42. Rf1 Ra5+ 43. Kd6 Ra3 44. Ke7 Rd3 45. d8=Q Rd7+ 46. exd7 Kh6 47. Qf8+
Kg5 48. Rf5+ Kh4 49. Qf6+ g5 50. Qxg5# 1-0

[Event "Titled Tue 10th Jun Early"]
[Site "chess.com INT"]
[Date "2025.06.10"]
[Round "4"]
[White "Chyzy, Jakub"]
[Black "Azizoglu, Ferzan"]
[Result "1-0"]
[WhiteTitle "FM"]
[WhiteElo "2330"]
[BlackElo "2055"]
[WhiteFideId "21806209"]
[BlackFideId "6302726"]
[EventDate "2025.06.10"]

1. b3 e5 2. Bb2 Nc6 3. e3 d5 4. Bb5 Ne7 5. Bxe5 a6 6. Bxc6+ Nxc6 7. Bb2 Qg5 8.
g3 Bd6 9. Qe2 Bf5 10. d3 O-O-O 11. Nd2 Bg4 12. Ngf3 Qg6 13. h3 Bd7 14. O-O-O
Rhe8 15. Kb1 f6 16. a3 Kb8 17. Ka2 Qf7 18. g4 Ne5 19. d4 Nxf3 20. Nxf3 h6 21.
Rc1 f5 22. Ne5 Bxe5 23. dxe5 fxg4 24. hxg4 Bb5 25. Qd2 Qf3 26. Rhg1 c5 27. g5 h5
28. Rg3 Qf5 29. Rh1 g6 30. Rh4 Bc6 31. Rf4 Qd7 32. Rf6 Re6 33. f4 Rde8 34. Rg1
Rh8 35. Qf2 h4 36. f5 gxf5 37. g6 h3 38. g7 Rg8 39. Rf8+ Re8 40. Rxe8+ Qxe8 41.
e6 d4 42. exd4 cxd4 43. Qg3+ Ka8 44. Qxh3 Qxe6 45. Bxd4 Qf7 46. Qe3 Be4 47. Qc3
Kb8 48. Qc5 Rc8 49. Qa7+ Kc7 50. Qc5+ Kb8 51. Qxc8+ Kxc8 52. g8=Q+ Qxg8 53.
Rxg8+ 1-0

[Event "Titled Tue 10th Jun Early"]
[Site "chess.com INT"]
[Date "2025.06.10"]
[Round "4"]
[White "Chan, Kim Yew"]
[Black "Kourkoulos-Arditis, Stamatis"]
[Result "0-1"]
[WhiteTitle "FM"]
[BlackTitle "GM"]
[WhiteElo "2304"]
[BlackElo "2580"]
[WhiteFideId "5717981"]
[BlackFideId "4221990"]
[EventDate "2025.06.10"]

1. e4 g6 2. d4 Bg7 3. Nf3 d6 4. h3 Nf6 5. Bd3 O-O 6. O-O Nc6 7. d5 Nb4 8. c4 c6
9. Nc3 Nxd3 10. Qxd3 cxd5 11. cxd5 e6 12. dxe6 Bxe6 13. Nd4 Bd7 14. Bf4 Qb6 15.
Nb3 Rfe8 16. Rfe1 Rad8 17. Qxd6 Bc6 18. Qc5 Nxe4 19. Qxb6 axb6 20. Bc7 Rc8 21.
Bxb6 Nxc3 22. bxc3 Bxc3 23. Rxe8+ Rxe8 24. Rc1 Bb2 25. Rb1 Bf6 26. Bd4 Kg7 27.
Bxf6+ Kxf6 28. Na5 Be4 29. Re1 Re6 30. Nb3 Bd5 31. Rd1 Bc4 32. Rd4 b5 33. Rd2
Ra6 34. h4 Ra3 35. Rb2 Ke5 36. Nd2 Kd4 37. Nxc4 bxc4 38. Rb7 c3 39. Rd7+ Kc4 40.
Rxf7 c2 41. Rc7+ Kd3 42. Kh2 Rc3 43. Rd7+ Kc4 44. Rc7+ Kd4 45. Rd7+ Ke5 46. Re7+
Kf6 47. Re1 c1=Q 48. Rxc1 Rxc1 49. Kg3 Ra1 50. f3 Rxa2 51. Kh3 Kf5 52. g3 Ra3
53. f4 h5 0-1

[Event "Titled Tue 10th Jun Early"]
[Site "chess.com INT"]
[Date "2025.06.10"]
[Round "4"]
[White "Jasinski, Alexander"]
[Black "Rahman, Masruri"]
[Result "1-0"]
[BlackTitle "FM"]
[WhiteElo "1989"]
[BlackElo "2407"]
[WhiteFideId "55627994"]
[BlackFideId "7101163"]
[EventDate "2025.06.10"]

1. e4 c6 2. d4 d5 3. e5 Bf5 4. Nf3 e6 5. Be2 Nd7 6. O-O Ne7 7. Nh4 h6 8. Nxf5
Nxf5 9. c3 Be7 10. Nd2 O-O 11. Nf3 f6 12. exf6 Bxf6 13. Bd3 Re8 14. Re1 Qc7 15.
g3 c5 16. Bf4 Qb6 17. Bxf5 exf5 18. Qb3 Qxb3 19. axb3 Rxe1+ 20. Rxe1 cxd4 21.
Nxd4 Nc5 22. Nxf5 Nd3 23. Re2 Nxf4 24. gxf4 Rd8 25. Rd2 Kf7 26. Kg2 Ke6 27. Nd4+
Kf7 28. Kg3 a6 29. b4 g6 30. f5 g5 31. Ne6 Rd6 32. Kg4 Be5 33. f4 gxf4 34. Nxf4
d4 35. Nd3 Bf6 36. Nc5 b6 37. Ne4 Rd5 38. Nxf6 Kxf6 39. Rxd4 Rxf5 40. Rd6+ Ke5
41. Rxb6 Rf2 42. Rxh6 Rxb2 43. h4 Rb3 44. Rc6 Kd5 45. Rc5+ Kd6 46. h5 Rb1 47.
Kg5 Rg1+ 48. Kh6 Rg3 49. Kh7 a5 50. Rxa5 Rxc3 51. Rg5 Rb3 52. b5 Ke6 53. Kg6 Kd6
54. h6 1-0

[Event "Titled Tue 10th Jun Early"]
[Site "chess.com INT"]
[Date "2025.06.10"]
[Round "4"]
[White "Deac, Bogdan-Daniel"]
[Black "Papaioannou, Dimitrios"]
[Result "1-0"]
[WhiteTitle "GM"]
[BlackTitle "CM"]
[WhiteElo "2674"]
[BlackElo "2206"]
[WhiteFideId "1226380"]
[BlackFideId "25865137"]
[EventDate "2025.06.10"]

1. d4 Nf6 2. c4 e6 3. Nc3 Bb4 4. e3 O-O 5. Bd2 d5 6. Nf3 b6 7. cxd5 exd5 8. Rc1
Bb7 9. Bd3 a6 10. O-O Bd6 11. Ne2 c5 12. dxc5 bxc5 13. Ng3 g6 14. Bc3 Nbd7 15.
Re1 Re8 16. Qa4 Re6 17. Qh4 Be7 18. Ng5 Rc6 19. Qa4 Rac8 20. Nf3 Qe8 21. Red1
Bf8 22. Bf1 Bg7 23. Ne2 Nb6 24. Qc2 Nbd7 25. Nf4 Rd6 26. Qd3 d4 27. exd4 Bh6 28.
Bd2 Ne4 29. Re1 Ndf6 30. d5 Qa4 31. b3 Qa3 32. Rxe4 Nxe4 33. Qxe4 Rcd8 34. Qc2
Bg7 35. Be3 Bxd5 36. Bxc5 Qa5 37. Bxd6 Rxd6 38. Nxd5 Rxd5 39. Qc8+ Bf8 40. Qc2
Rd8 41. g3 Qa3 42. Kg2 Bd6 43. Bc4 Qa5 44. Rd1 Qc7 45. Rd5 Qe7 46. Qd3 Bc7 47.
Rxd8+ Bxd8 48. Qd5 Bc7 49. h4 Kg7 50. Ng5 h6 51. Qxf7+ Qxf7 52. Nxf7 a5 53. f4
Kf6 54. Nxh6 1-0

[Event "Titled Tue 10th Jun Early"]
[Site "chess.com INT"]
[Date "2025.06.10"]
[Round "4"]
[White "Risteski, Emil"]
[Black "Kovalenko, Igor"]
[Result "0-1"]
[WhiteTitle "IM"]
[BlackTitle "GM"]
[WhiteElo "2374"]
[BlackElo "2676"]
[WhiteFideId "15005267"]
[BlackFideId "14117908"]
[EventDate "2025.06.10"]

1. g3 d5 2. Bg2 c6 3. Nf3 Bg4 4. O-O Nd7 5. d3 e6 6. c4 Bd6 7. Qb3 Qb6 8. cxd5
cxd5 9. Nc3 Ne7 10. Qxb6 Nxb6 11. Be3 Rc8 12. Nb5 Bb8 13. a4 Nc6 14. a5 Nd7 15.
a6 b6 16. h3 Bxf3 17. Bxf3 O-O 18. Bd2 Nce5 19. Bg2 Rc2 20. Bb4 Rfc8 21. Nd4
Rxb2 22. Ba3 Rd2 23. Bc1 Rdc2 24. Nxc2 Rxc2 25. f4 Nc6 26. Bf3 Nd4 27. Kf2 Bd6
28. Be3 Bc5 29. Rfc1 Rxc1 30. Rxc1 Nb3 31. Rc2 Bxe3+ 32. Kxe3 d4+ 33. Kf2 Ndc5
34. Bb7 Kf8 35. e3 Nxd3+ 36. Ke2 Ndc5 37. Rc4 d3+ 38. Kd1 Ke7 39. Rc3 Na5 40.
Bg2 Nxa6 41. Rxd3 Nc5 42. Rc3 h5 43. Bf1 Nc6 44. Be2 g6 45. g4 hxg4 46. hxg4 Nb4
47. g5 a5 48. Rc4 Kd6 49. Rd4+ Ke7 50. Rc4 Nd5 51. Kd2 Kd6 52. Rd4 Ke7 53. Rc4
Nb4 0-1

[Event "Titled Tue 10th Jun Early"]
[Site "chess.com INT"]
[Date "2025.06.10"]
[Round "4"]
[White "Avramidou, Anastasia"]
[Black "Howell, David W L"]
[Result "0-1"]
[WhiteTitle "FM"]
[BlackTitle "GM"]
[WhiteElo "2294"]
[BlackElo "2668"]
[WhiteFideId "4239873"]
[BlackFideId "410608"]
[EventDate "2025.06.10"]

1. e4 e5 2. Nf3 Nc6 3. d4 exd4 4. Nxd4 Qf6 5. Nb5 Bc5 6. Qf3 Bb6 7. Qg3 d6 8.
N1c3 Nge7 9. Bd3 a6 10. Na3 Be6 11. Nc4 Bxc4 12. Bxc4 Ne5 13. Be2 h5 14. h4 Qg6
15. Qxg6 N7xg6 16. Nd5 Nd7 17. a4 a5 18. Nxb6 Nxb6 19. Be3 Nd7 20. O-O-O O-O-O
21. Bc4 Nge5 22. Be2 g6 23. f3 Rhe8 24. Rhe1 f6 25. Bf1 Re7 26. b3 b6 27. Ba6+
Kb8 28. Bf1 Nc5 29. Kb2 c6 30. Bf4 Kc7 31. c3 Rde8 32. Kc2 Nf7 33. Bc4 Ne5 34.
Bf1 Re6 35. Ra1 Nb7 36. Red1 Nd7 37. b4 Ne5 38. Ba6 Ra8 39. Bf1 Ra7 40. Kb3 Re7
41. Rd2 Ra8 42. Rad1 Rd7 43. Bg3 Rad8 44. f4 Ng4 45. Rd3 f5 46. exf5 gxf5 47.
Be2 d5 48. Bxg4 hxg4 49. h5 Nd6 50. Rh1 Ne4 51. Be1 Rh8 52. c4 dxc4+ 53. Kxc4
b5+ 0-1

[Event "Titled Tue 10th Jun Early"]
[Site "chess.com INT"]
[Date "2025.06.10"]
[Round "4"]
[White "Ugarte Soto, Cesar"]
[Black "Loskutova, Viktoriya"]
[Result "0-1"]
[WhiteTitle "CM"]
[BlackTitle "WFM"]
[WhiteElo "2088"]
[BlackElo "2092"]
[WhiteFideId "3601331"]
[BlackFideId "34166278"]
[EventDate "2025.06.10"]

1. d4 Nf6 2. Bf4 g6 3. e3 d6 4. h3 Bg7 5. Nf3 O-O 6. Be2 Nc6 7. c3 Nd7 8. O-O e5
9. dxe5 dxe5 10. Bh2 Qe7 11. Nbd2 a5 12. Nc4 Nc5 13. Qc1 Bf5 14. Rd1 h5 15. Bg3
Rad8 16. Bh4 f6 17. b4 axb4 18. cxb4 Nxb4 19. Qc3 Ne4 20. Qb3 Kh7 21. a3 Na6 22.
Qxb7 Nac5 23. Qc6 g5 24. Bg3 Nxg3 25. fxg3 Ne4 26. g4 hxg4 27. hxg4 Bg6 28. Bd3
Rd6 29. Nxd6 Nxd6 30. Bxg6+ Kxg6 31. Rac1 Rf7 32. Nd2 Bf8 33. Ne4 Nxe4 34. Qxe4+
Kg7 35. Qf5 Qxa3 36. Rc2 Qxe3+ 37. Kf1 Bc5 38. Rdc1 Qg1+ 39. Ke2 Qxg2+ 40. Kd3
Qd5+ 41. Ke2 Qg2+ 42. Kd3 e4+ 43. Kc4 Qg3 44. Kxc5 Qd6+ 45. Kc4 Qd3+ 46. Kb4 c5+
47. Rxc5 Rb7+ 48. Rb5 Qd2+ 49. Rc3 Rc7 0-1

[Event "Titled Tue 10th Jun Early"]
[Site "chess.com INT"]
[Date "2025.06.10"]
[Round "4"]
[White "Jonnalagadda, Vishnusankar"]
[Black "Cuellar Montes, Alejandro"]
[Result "1-0"]
[BlackTitle "CM"]
[WhiteElo "2047"]
[BlackElo "2173"]
[WhiteFideId "39900100"]
[BlackFideId "32096836"]
[EventDate "2025.06.10"]

1. e4 e5 2. Nf3 Nc6 3. d4 exd4 4. Bc4 Nf6 5. e5 d5 6. Bb5 Nd7 7. Bxc6 bxc6 8.
Qxd4 Bc5 9. Qa4 Bb7 10. O-O O-O 11. Bg5 Be7 12. Bf4 Nc5 13. Qa5 Ne6 14. Bg3 c5
15. Rd1 d4 16. Nbd2 Qd5 17. c4 Qc6 18. a3 Ng5 19. Ne1 Rad8 20. b4 cxb4 21. axb4
Ne4 22. Nxe4 Qxe4 23. Rd3 a6 24. Rad1 c5 25. bxc5 Rd7 26. Qb6 Rc8 27. f3 Qe2 28.
R1d2 Bxc5 29. Qb3 Qxd2 30. Rxd2 Bc6 31. Nd3 Be7 32. Rb2 a5 33. Be1 a4 34. Qa2 a3
35. Rb6 Ba8 36. Bb4 Rdc7 37. Bxe7 Rxe7 38. Qxa3 Rec7 39. c5 Bd5 40. Rd6 Bc4 41.
Rxd4 Bb5 42. Nf4 g6 43. Nd5 Rxc5 44. Ne7+ Kg7 45. Nxc8 Rxc8 46. Qb4 Be8 47. Qd6
Rc1+ 48. Kf2 Bb5 49. Qf6+ Kh6 50. h4 Rf1+ 51. Kg3 Re1 52. Qf4+ Kg7 53. Rd8 Bf1
54. Qf6+ Kh6 55. Rh8 Re2 56. Qg5+ Kg7 57. Rd8 Rxg2+ 58. Kf4 Rxg5 59. hxg5 Bd3
60. Rxd3 1-0

[Event "Titled Tue 10th Jun Early"]
[Site "chess.com INT"]
[Date "2025.06.10"]
[Round "4"]
[White "Novosel, Lovro"]
[Black "Novozhilov, Semen"]
[Result "0-1"]
[WhiteTitle "FM"]
[BlackTitle "FM"]
[WhiteElo "2338"]
[BlackElo "2352"]
[WhiteFideId "14547120"]
[BlackFideId "24289167"]
[EventDate "2025.06.10"]

1. d4 Nf6 2. c4 c5 3. d5 b5 4. Nf3 g6 5. a4 b4 6. b3 Bg7 7. Bb2 d6 8. Nbd2 O-O
9. g3 Nbd7 10. Bg2 Rb8 11. O-O Qc7 12. e4 e6 13. Qc2 Bb7 14. Rfe1 e5 15. Nh4
Rbe8 16. f4 exf4 17. gxf4 Qd8 18. Ndf3 Nh5 19. Bxg7 Kxg7 20. Qb2+ f6 21. Qd2 Rf7
22. Re2 Rfe7 23. Rae1 Bc8 24. Bh3 Nf8 25. Bg2 Bg4 26. h3 Bc8 27. Kh2 Nd7 28. Kh1
Kg8 29. Kh2 Ba6 30. Bh1 Nb6 31. f5 g5 32. Rg1 Rg7 33. Reg2 h6 34. Rg4 Nd7 35.
Ng6 Ne5 36. Ngxe5 dxe5 37. h4 Nf4 38. hxg5 fxg5 39. Kg3 Qf6 40. Kf2 h5 41. R4g3
g4 42. Ke3 Ree7 43. Qh2 gxf3 44. Bxf3 Rxg3 45. Rxg3+ Rg7 46. Rxg7+ Qxg7 47. Qh4
Ng2+ 48. Bxg2 Qxg2 49. Qd8+ Kh7 50. Qe7+ Qg7 51. Qxc5 Qg3+ 52. Ke2 Qg2+ 53. Ke3
Qg1+ 54. Kf3 Qxc5 0-1